<The> strategy collection single user licence

Na minha lista:
Detalhes bibliográficos
Formato: Livro
Idioma:inglês
Publicado em: Tadcaster Business Case Studies [2013]
Colecção:Business Case Studies Archive
Assuntos:
Tags: Adicionar Tag
Sem tags, seja o primeiro a adicionar uma tag!

MARC

LEADER 00000nlm a2200000 4500
001 0175596
005 20221122131102.1
041 0 |a eng 
044 |a GB 
245 1 0 |a <The> strategy collection  |b single user licence 
264 1 |a Tadcaster  |b Business Case Studies  |c [2013] 
300 |a CD-ROM [80, 94, 57 s.] 
490 1 |a Business Case Studies Archive 
830 0 |a Business Case Studies Archive 
610 2 0 |a stratégia podnikateľská 
610 2 0 |a podnikanie 
610 2 0 |a štúdie prípadové